| 000 | 00429 a2200133 4500 | ||
|---|---|---|---|
| 040 | _cDLC | ||
| 082 |
_a620.11 _bARO |
||
| 100 |
_aArora, S. P. _935394 |
||
| 245 |
_aA Textbook of Civil Engineering Materials : Type, Properties, Testing and Usage / _cS. P. Arora |
||
| 260 |
_aNew Delhi : _bDhanpat Rai Publications, _c2007 |
||
| 300 |
_avarious Pages _bill. ; _c24 cm |
||
| 650 |
_aCivil Engineering Materials _935395 |
||
| 942 |
_2ddc _cBK |
||
| 999 |
_c2026 _d2026 |
||